[Event "Titled Tuesday intern op 20th Dec Late"]
[Site "Chess.com INT"]
[Date "2022.12.20"]
[Round "3"]
[White "Song, Guannan Terry"]
[Black "Rangel, Daniel"]
[Result "1-0"]
[WhiteElo "2141"]
[BlackElo "2220"]
[PlyCount "131"]
[EventDate "2022.12.20"]
[EventType "swiss (blitz)"]
[EventRounds "11"]
[EventCountry "USA"]
[SourceTitle "EXT 2024"]
[Source "ChessBase"]
[SourceDate "2023.10.10"]
[SourceVersion "1"]
[SourceVersionDate "2023.10.10"]
[SourceQuality "1"]

1. e4 c5 2. Nc3 g6 3. f4 Bg7 4. Nf3 e6 5. e5 d5 6. d4 Ne7 7. dxc5 0-0 8. Bd3 Nd7 9. Be3 Qc7 10. Nb5 Qa5+ 11. c3 Nf5 12. Bf2 a6 13. b4 Qd8 14. Bxf5 axb5 15. Bd3 Qc7 16. 0-0 b6 17. Bxb5 bxc5 18. Bxd7 Bxd7 19. Bxc5 Rfc8 20. a4 Bf8 21. Bd4 Qc4 22. Nd2 Qd3 23. Rf3 Qa6 24. a5 Qc6 25. Nb3 Qc4 26. Nc5 Bb5 27. Qf1 Qxf1+ 28. Rfxf1 Bxf1 29. Kxf1 Be7 30. Ke2 Rc6 31. Kd3 Kf8 32. Nd7+ Ke8 33. b5 Rc7 34. Nb6 Raa7 35. a6 Bc5 36. Na4 Bxd4 37. cxd4 Rc8 38. Nc5 Rb8 39. Nb7 Kd7 40. b6 Raxb7 41. axb7 Rxb7 42. Rb1 Kc6 43. Kc3 Rxb6 44. Rxb6+ Kxb6 45. Kb4 h6 46. g4 h5 47. gxh5 gxh5 48. h4 Kc6 49. Ka5 Kc7 50. Ka6 Kc6 51. Ka5 Kc7 52. Kb5 Kb7 53. Kc5 Kc7 54. f5 Kd7 55. fxe6+ Kxe6 56. Kc6 f6 57. exf6 Kxf6 58. Kxd5 Kf5 59. Kc6 Kg4 60. d5 Kxh4 61. d6 Kg3 62. d7 h4 63. d8Q h3 64. Qd5 Kf2 65. Qh1 Kg3 66. Kd5 1-0

[Event "Titled Tuesday intern op 20th Dec Late"]
[Site "Chess.com INT"]
[Date "2022.12.20"]
[Round "1"]
[White "Song, Guannan Terry"]
[Black "Tworuszka, Michal"]
[Result "1-0"]
[WhiteElo "2141"]
[BlackElo "2260"]
[PlyCount "85"]
[EventDate "2022.12.20"]
[EventType "swiss (blitz)"]
[EventRounds "11"]
[EventCountry "USA"]
[SourceTitle "EXT 2024"]
[Source "ChessBase"]
[SourceDate "2023.10.10"]
[SourceVersion "1"]
[SourceVersionDate "2023.10.10"]
[SourceQuality "1"]

1. d4 Nf6 2. Bg5 Ne4 3. Bf4 d5 4. Nd2 Bf5 5. e3 Nxd2 6. Qxd2 e6 7. Nf3 Bd6 8. Bxd6 Qxd6 9. Bd3 Bxd3 10. cxd3 Nd7 11. 0-0 0-0 12. b4 c6 13. a4 a6 14. Rab1 Rfc8 15. Rfc1 h6 16. h3 b6 17. Rb2 Rc7 18. Rbc2 Rac8 19. e4 c5 20. dxc5 bxc5 21. bxc5 Rxc5 22. Rxc5 Rxc5 23. exd5 Qxd5 24. Rb1 Rc8 25. Qe3 Qa2 26. Rb7 Qxa4 27. Qa7 Rd8 28. d4 Qc6 29. Rc7 Qd6 30. g3 e5 31. dxe5 Nxe5 32. Nxe5 Qxe5 33. Rxf7 a5 34. Kh2 Rf8 35. Rxf8+ Kxf8 36. h4 Qb5 37. Qa8+ Kf7 38. Qf3+ Kg8 39. Qa8+ Kh7 40. Qe4+ Kg8 41. Qe6+ Kh7 42. g4 a4 43. Qe4+ 1-0

[Event "Titled Tuesday intern op 10th May Late"]
[Site "Chess.com INT"]
[Date "2022.05.10"]
[Round "4"]
[White "Wagner, Dennis"]
[Black "Song, Guannan Terry"]
[Result "1-0"]
[WhiteElo "2586"]
[BlackElo "2145"]
[PlyCount "83"]
[EventDate "2022.05.10"]
[EventType "swiss (blitz)"]
[EventRounds "11"]
[EventCountry "USA"]
[SourceTitle "CBM 208 Extra"]
[Source "ChessBase"]
[SourceDate "2022.07.31"]
[SourceVersion "1"]
[SourceVersionDate "2022.07.31"]
[SourceQuality "1"]

1. Nf3 c5 2. c4 e6 3. g3 b6 4. Bg2 Bb7 5. 0-0 Nf6 6. Nc3 Be7 7. Re1 Ne4 8. Nxe4 Bxe4 9. d3 Bb7 10. e4 Nc6 11. d4 cxd4 12. Nxd4 0-0 13. Bf4 d6 14. Nxc6 Bxc6 15. Rc1 Rc8 16. Qd3 Qc7 17. Red1 Rfd8 18. b4 a5 19. b5 Ba8 20. h4 Qb7 21. Be3 Kh8 22. Qd4 Rc5 23. Kh2 f5 24. Qd2 Re5 25. Bd4 Rxe4 26. f3 Rxd4 27. Qxd4 Bf6 28. Qe3 h6 29. Qxe6 f4 30. gxf4 Qc7 31. Qg4 Qc5 32. Rc2 h5 33. Qg3 Qf5 34. Rcd2 Qe6 35. Bh3 Qxc4 36. Rxd6 Re8 37. Bg2 Qxb5 38. Qg6 Rf8 39. Rxf6 gxf6 40. Rg1 Qd7 41. Qh6+ Kg8 42. Bh3+ 1-0

[Event "Titled Tuesday intern op 26th Apr Late"]
[Site "Chess.com INT"]
[Date "2022.04.26"]
[Round "4"]
[White "Eswaran, Ashritha"]
[Black "Song, Guannan Terry"]
[Result "1-0"]
[WhiteElo "2308"]
[BlackElo "2145"]
[PlyCount "241"]
[EventDate "2022.04.26"]
[EventType "swiss (blitz)"]
[EventRounds "11"]
[EventCountry "USA"]
[SourceTitle "CBM 208 Extra"]
[Source "ChessBase"]
[SourceDate "2022.07.31"]
[SourceVersion "1"]
[SourceVersionDate "2022.07.31"]
[SourceQuality "1"]

1. e4 c5 2. Nf3 d6 3. Bb5+ Bd7 4. Bxd7+ Nxd7 5. 0-0 Ngf6 6. Re1 e6 7. c3 Be7 8. d4 0-0 9. h3 Rc8 10. Bf4 Re8 11. a4 Bf8 12. e5 Nd5 13. Bh2 dxe5 14. dxe5 Nb8 15. Na3 Nc6 16. Nc4 h6 17. Qc2 Qc7 18. Rad1 b6 19. Nfd2 a6 20. Ne4 Rb8 21. Ncd6 Red8 22. Qe2 Ra8 23. Qf3 Rd7 24. Qg4 Kh8 25. f4 f5 26. Nxf5 exf5 27. Qxf5 Rf7 28. Qg4 Nde7 29. Nd6 Ng8 30. Nxf7+ Qxf7 31. f5 Re8 32. e6 Qf6 33. Qf3 Nce7 34. Be5 Qxf5 35. Qxf5 Nxf5 36. Rf1 Nge7 37. g4 Ne3 38. Rxf8+ Rxf8 39. Rd7 Re8 40. Bd6 Nc8 41. Be5 Rxe6 42. Bxg7+ Kh7 43. Bd4+ Kg8 44. Bxe3 Rxe3 45. Rd8+ Kf7 46. Rxc8 Rxh3 47. Rc6 Rg3+ 48. Kf2 Rxg4 49. Rxb6 Rxa4 50. Rxh6 Ra2 51. Rb6 a5 52. Ke3 a4 53. Kd3 a3 54. bxa3 Rxa3 55. Kc4 Ke7 56. Rc6 Kd7 57. Rxc5 Kd6 58. Kd4 Ra4+ 59. c4 Ra1 60. Rd5+ Kc6 61. Rc5+ Kd6 62. Rb5 Rd1+ 63. Kc3 Rc1+ 64. Kb4 Kc6 65. Rc5+ Kb6 66. Rd5 Kc6 67. Rh5 Rb1+ 68. Kc3 Rc1+ 69. Kb3 Rb1+ 70. Kc2 Rg1 71. Kd3 Rd1+ 72. Kc2 Rg1 73. Re5 Rg3 74. Kb2 Rh3 75. Rd5 Rg3 76. Kc2 Re3 77. Rd3 Re4 78. Kc3 Re1 79. Kd2 Ra1 80. Kc3 Ra3+ 81. Kd4 Ra1 82. Rd2 Rf1 83. Re2 Rf4+ 84. Re4 Rf1 85. Re6+ Kd7 86. Rb6 Rf4+ 87. Kc5 Rf5+ 88. Kb4 Kc7 89. Re6 Rf1 90. Kb5 Rb1+ 91. Kc5 Rh1 92. Re7+ Kd8 93. Rf7 Rh6 94. Kb5 Kc8 95. c5 Kb8 96. Rf8+ Kc7 97. Rf7+ Kb8 98. Ka5 Kc8 99. Kb5 Rg6 100. Re7 Kb8 101. Rd7 Rh6 102. Rd6 Rh1 103. Kc6 Kc8 104. Re6 Rd1 105. Re8+ Rd8 106. Rxd8+ Kxd8 107. Kb7 Kd7 108. c6+ Kd6 109. c7 Kc5 110. c8Q+ Kb5 111. Qc7 Ka4 112. Qc6+ Ka5 113. Kc7 Kb4 114. Kd6 Ka5 115. Kd5 Kb4 116. Qc5+ Ka4 117. Kd4 Kb3 118. Qc4+ Ka3 119. Qb5 Ka2 120. Kc3 Ka1 121. Qb2# 1-0

[Event "Titled Tuesday intern op 26th Apr Late"]
[Site "Chess.com INT"]
[Date "2022.04.26"]
[Round "3"]
[White "Song, Guannan Terry"]
[Black "Sarkar, Justin"]
[Result "0-1"]
[WhiteElo "2145"]
[BlackElo "2314"]
[PlyCount "210"]
[EventDate "2022.04.26"]
[EventType "swiss (blitz)"]
[EventRounds "11"]
[EventCountry "USA"]
[SourceTitle "CBM 208 Extra"]
[Source "ChessBase"]
[SourceDate "2022.07.31"]
[SourceVersion "1"]
[SourceVersionDate "2022.07.31"]
[SourceQuality "1"]

1. e4 c5 2. Nc3 Nc6 3. f4 d6 4. Nf3 Bg4 5. Bb5 g6 6. Bxc6+ bxc6 7. d3 Bg7 8. 0-0 Nf6 9. Qe1 Bxf3 10. Rxf3 0-0 11. Qh4 e6 12. f5 Nd7 13. Bg5 Bf6 14. fxg6 fxg6 15. Bxf6 Rxf6 16. Qf2 Rxf3 17. Qxf3 Qe7 18. Rf1 Rf8 19. Qe2 Rxf1+ 20. Qxf1 e5 21. h3 Qf7 22. Qe1 Qf4 23. b3 Nf6 24. Ne2 Qe3+ 25. Qf2 Qxf2+ 26. Kxf2 Kf7 27. Ng3 h5 28. Nf1 Ke6 29. Nd2 Ne8 30. Nc4 Nc7 31. Na5 Kd7 32. a4 Na6 33. Ke3 Nb4 34. Kd2 Kc7 35. Nc4 Kd7 36. Ne3 Na6 37. g3 Nc7 38. Ng2 Ke7 39. Ke3 Ne6 40. Nh4 Kf6 41. Nf3 Ng5 42. Ng1 Ne6 43. c3 g5 44. Ne2 g4 45. h4 Nd8 46. d4 cxd4+ 47. cxd4 exd4+ 48. Kxd4 Ne6+ 49. Ke3 Ke5 50. Nc1 d5 51. Nd3+ Kd6 52. e5+ Ke7 53. b4 a6 54. a5 Kd7 55. Nb2 c5 56. bxc5 Nxc5 57. Kf4 Ke6 58. Nd1 d4 59. Nf2 d3 60. Nd1 d2 61. Ke3 Nb3 62. Kd3 Kxe5 63. Kc3 Nxa5 64. Kxd2 Ke4 65. Ke2 Nc4 66. Nc3+ Ke5 67. Na4 a5 68. Kd3 Nd6 69. Nb6 Ne4 70. Nc4+ Kf5 71. Nxa5 Nxg3 72. Ke3 Nf1+ 73. Kf2 Nd2 74. Nc6 Ne4+ 75. Kg1 Kf4 76. Kg2 Nd6 77. Ne7 Nf5 78. Nd5+ Ke5 79. Nc3 Nxh4+ 80. Kf2 Nf5 81. Ne2 Kf6 82. Nf4 Kg5 83. Ng2 h4 84. Kg1 h3 85. Ne1 g3 86. Nf3+ Kf4 87. Ne1 Nd4 88. Kh1 Nf3 89. Ng2+ hxg2+ 90. Kxg2 Kg4 91. Kh1 Ng5 92. Kg2 Ne4 93. Kh1 Kh3 94. Kg1 Nd2 95. Kh1 g2+ 96. Kg1 Nf3+ 97. Kf2 g1Q+ 98. Kxf3 Qf1+ 99. Ke3 Kg4 100. Kd2 Kf4 101. Kc2 Qe2+ 102. Kc1 Ke4 103. Kb1 Kd3 104. Ka1 Kc3 105. Kb1 Qb2# 0-1

[Event "Titled Tuesday intern op 29th Mar Late"]
[Site "Chess.com INT"]
[Date "2022.03.29"]
[Round "9"]
[White "Song, Guannan Terry"]
[Black "Curtis, John"]
[Result "1-0"]
[WhiteElo "2145"]
[BlackElo "2292"]
[PlyCount "89"]
[EventDate "2022.03.29"]
[EventType "swiss (blitz)"]
[EventRounds "11"]
[EventCountry "USA"]
[SourceTitle "CBM 207 Extra"]
[Source "ChessBase"]
[SourceDate "2022.05.31"]
[SourceVersion "1"]
[SourceVersionDate "2022.05.31"]
[SourceQuality "1"]

1. d4 d5 2. Nc3 c6 3. e4 dxe4 4. Nxe4 Nd7 5. Bd3 Ngf6 6. Ng3 e5 7. Nf3 exd4 8. 0-0 Nc5 9. Bg5 Ne6 10. Re1 Be7 11. Nf5 0-0 12. Nxe7+ Qxe7 13. Nxd4 Qd8 14. Nxe6 Bxe6 15. Qf3 Bd5 16. Qf5 Be6 17. Bxf6 Bxf5 18. Bxd8 Bxd3 19. Be7 Bxc2 20. Bxf8 Kxf8 21. Re3 Bf5 22. Rae1 Be6 23. a3 Rd8 24. f4 h5 25. Re5 g6 26. Kf2 Rd4 27. g3 b6 28. R5e4 Rd3 29. Ke2 Rb3 30. Rb4 Rxb4 31. axb4 Ke7 32. Ke3 a6 33. Kd4 Kd6 34. Ra1 Bc8 35. Ra3 f6 36. Ra1 g5 37. fxg5 fxg5 38. Rf1 Ke6 39. Rf8 Bd7 40. Rb8 b5 41. Rh8 h4 42. gxh4 gxh4 43. Rxh4 Kd6 44. Rh6+ Be6 45. h4 1-0

[Event "Titled Tuesday intern op 08th Feb Late"]
[Site "Chess.com INT"]
[Date "2022.02.08"]
[Round "7"]
[White "Dourerassou, Jonathan"]
[Black "Song, Guannan Terry"]
[Result "1-0"]
[WhiteElo "2443"]
[BlackElo "2145"]
[PlyCount "21"]
[EventDate "2022.02.08"]
[EventType "swiss (blitz)"]
[EventRounds "11"]
[EventCountry "USA"]
[SourceTitle "CBM 206 Extra"]
[Source "ChessBase"]
[SourceDate "2022.03.31"]
[SourceVersion "1"]
[SourceVersionDate "2022.03.31"]
[SourceQuality "1"]

1. b3 Nf6 2. Bb2 a5 3. c4 a4 4. bxa4 Rxa4 5. Qxa4 e6 6. Nf3 Ba3 7. Qxa3 b5 8. cxb5 Na6 9. bxa6 Bb7 10. axb7 Qa8 11. bxa8R# 1-0

[Event "Titled Tuesday intern op 08th Feb Late"]
[Site "Chess.com INT"]
[Date "2022.02.08"]
[Round "10"]
[White "Song, Guannan Terry"]
[Black "Kraus, Tomas"]
[Result "0-1"]
[WhiteElo "2145"]
[BlackElo "2477"]
[PlyCount "154"]
[EventDate "2022.02.08"]
[EventType "swiss (blitz)"]
[EventRounds "11"]
[EventCountry "USA"]
[SourceTitle "CBM 206 Extra"]
[Source "ChessBase"]
[SourceDate "2022.03.31"]
[SourceVersion "1"]
[SourceVersionDate "2022.03.31"]
[SourceQuality "1"]

1. e4 e6 2. d4 d5 3. Nc3 Nf6 4. Bg5 dxe4 5. Nxe4 Be7 6. Bxf6 Bxf6 7. Nf3 b6 8. Bb5+ c6 9. Bd3 Bb7 10. Qe2 0-0 11. 0-0-0 Nd7 12. g4 Qc7 13. g5 Qf4+ 14. Kb1 Be7 15. Rhg1 c5 16. h4 c4 17. Nf6+ Nxf6 18. gxf6 Bxf6 19. Bxh7+ Kxh7 20. Ng5+ Bxg5 21. hxg5 Bf3 22. g6+ fxg6 23. Qxe6 Bxd1 24. Rh1+ Bh5 25. Qxc4 Qxf2 26. a4 Rac8 27. Qb3 Qf3 28. Qg8+ Kh6 29. Rxh5+ gxh5 30. Qh8+ Kg6 31. b4 a5 32. c4 axb4 33. d5 b3 34. c5 Qf2 35. a5 Qc2+ 36. Ka1 b2+ 37. Ka2 b1Q+ 38. Ka3 Qba2+ 39. Kb4 Qca4+ 40. Kc3 Qxa5+ 41. Kd4 Qxc5+ 42. Ke5 Qe7+ 43. Kd4 Rc4+ 44. Kd3 Rxh8 45. d6 Qe1 46. d7 Qad2+ 47. Kxc4 Rc8+ 48. Kb5 Rc5+ 49. Ka6 Qa5+ 50. Kb7 Qeb4 51. d8N Qe4+ 52. Kb8 Qb7+ 53. Nxb7 Qa7+ 54. Kxa7 Rd5 55. Kxb6 h4 56. Kc6 Rf5 57. Kd6 Rf6+ 58. Kc7 Rf7+ 59. Kb8 Rxb7+ 60. Ka8 h3 61. Kxb7 h2 62. Kb8 h1Q 63. Kc7 Qd5 64. Kb6 Kf6 65. Kc7 Ke5 66. Kb6 g6 67. Kc7 g5 68. Kb6 g4 69. Kc7 g3 70. Kb6 g2 71. Kc7 g1Q 72. Kb8 Qf2 73. Kc7 Qff3 74. Kb8 Qe3 75. Kc7 Qc3+ 76. Kb6 Qdb3+ 77. Ka7 Qa1# 0-1

[Event "Titled Tuesday intern op 18th May"]
[Site "Chess.com INT"]
[Date "2021.05.18"]
[Round "5"]
[White "Hernandez Jimenez, Alexander Andres"]
[Black "Song, Guannan Terry"]
[Result "0-1"]
[WhiteElo "2145"]
[BlackElo "2145"]
[PlyCount "90"]
[EventDate "2021.05.18"]
[EventType "swiss (blitz)"]
[EventRounds "11"]
[EventCountry "USA"]
[SourceTitle "CBM 202 Extra"]
[Source "ChessBase"]
[SourceDate "2021.07.31"]
[SourceVersion "1"]
[SourceVersionDate "2021.07.31"]
[SourceQuality "1"]

1. e4 c5 2. Nf3 d6 3. d4 cxd4 4. Nxd4 Nf6 5. Nc3 a6 6. h3 e5 7. Nde2 h5 8. g3 Be7 9. Bg5 Be6 10. Bg2 Nc6 11. Bxf6 Bxf6 12. Nd5 Bxd5 13. Qxd5 h4 14. g4 Rc8 15. c3 0-0 16. 0-0 Qb6 17. Qb3 Qc7 18. Rad1 Rfd8 19. f4 Na5 20. Qb4 Nc4 21. Rd3 Qc6 22. b3 Nb6 23. f5 a5 24. Qa3 a4 25. Rfd1 axb3 26. axb3 Be7 27. Qb2 Nd7 28. c4 Nc5 29. Rd5 Qb6 30. Kh2 Qxb3 31. Qxb3 Nxb3 32. Rb1 Nc5 33. Nc3 Rc6 34. Nb5 Ra8 35. Rbd1 Ra2 36. Kh1 Na4 37. Nxd6 Bxd6 38. Rxd6 Rxc4 39. g5 Nc3 40. g6 fxg6 41. fxg6 Kf8 42. Rd8+ Ke7 43. R1d7+ Kf6 44. Rd6+ Kg5 45. Rf8 Nxe4 0-1

[Event "Titled Tuesday intern op 18th May"]
[Site "Chess.com INT"]
[Date "2021.05.18"]
[Round "7"]
[White "Malicka, Maria"]
[Black "Song, Guannan Terry"]
[Result "0-1"]
[WhiteElo "2201"]
[BlackElo "2145"]
[PlyCount "66"]
[EventDate "2021.05.18"]
[EventType "swiss (blitz)"]
[EventRounds "11"]
[EventCountry "USA"]
[SourceTitle "CBM 202 Extra"]
[Source "ChessBase"]
[SourceDate "2021.07.31"]
[SourceVersion "1"]
[SourceVersionDate "2021.07.31"]
[SourceQuality "1"]

1. e4 c5 2. Nf3 d6 3. d4 cxd4 4. Nxd4 Nf6 5. Nc3 a6 6. f3 e5 7. Nb3 Be7 8. Be3 Be6 9. Qd2 0-0 10. 0-0-0 a5 11. Nd5 Bxd5 12. exd5 a4 13. Na1 a3 14. b3 Nbd7 15. c4 Qc7 16. Kb1 Nh5 17. Nc2 f5 18. Bd3 Nc5 19. Rhe1 g6 20. Bf1 Bf6 21. Qb4 Ra6 22. Nxa3 Rfa8 23. Nb5 Qd7 24. Rd2 b6 25. h3 Ng3 26. Bf2 Nxf1 27. Rxf1 h5 28. g3 Kh7 29. Qc3 Bg7 30. g4 e4 31. Qe3 f4 32. Qe1 Nxb3 33. axb3 Ra1+ 0-1

[Event "American World Cup Q Prelim"]
[Site "Tornelo INT"]
[Date "2021.05.08"]
[Round "2"]
[White "Plotkin, Victor"]
[Black "Song, Guannan Terry"]
[Result "1/2-1/2"]
[WhiteElo "2367"]
[BlackElo "2145"]
[PlyCount "79"]
[EventDate "2021.05.08"]
[EventType "swiss (rapid)"]
[EventRounds "9"]
[EventCountry "USA"]
[SourceTitle "CBM 202 Extra"]
[Source "ChessBase"]
[SourceDate "2021.07.31"]
[SourceVersion "1"]
[SourceVersionDate "2021.07.31"]
[SourceQuality "1"]

1. e4 c5 2. Nf3 d6 3. Bb5+ Nd7 4. 0-0 a6 5. Bxd7+ Bxd7 6. d4 cxd4 7. Qxd4 Nf6 8. c4 e6 9. Nc3 Be7 10. Rd1 Bc6 11. Bg5 0-0 12. h3 Rc8 13. Rac1 Qa5 14. Qe3 Rfd8 15. Nd4 Be8 16. b3 b5 17. cxb5 axb5 18. Bh4 b4 19. Na4 Bxa4 20. bxa4 Qxa4 21. Qb3 Qxb3 22. axb3 Re8 23. Nc6 Bf8 24. f3 h6 25. Bxf6 gxf6 26. Nxb4 Rxc1 27. Rxc1 Rb8 28. Nc6 Rxb3 29. Kf2 Rb2+ 30. Kg3 Kg7 31. Nd4 Kg6 32. Rc8 Bg7 33. Rd8 Rb6 34. Rd7 Ra6 35. Ne2 f5 36. Nf4+ Kf6 37. Nh5+ Kg6 38. Nf4+ Kf6 39. Nh5+ Kg6 40. Nf4+ 1/2-1/2

[Event "Titled Tuesday intern op 27th Apr"]
[Site "Chess.com INT"]
[Date "2021.04.27"]
[Round "4"]
[White "Song, Guannan Terry"]
[Black "Toncheva, Nadya"]
[Result "1-0"]
[WhiteElo "2145"]
[BlackElo "2207"]
[PlyCount "85"]
[EventDate "2021.04.27"]
[EventType "swiss (blitz)"]
[EventRounds "11"]
[EventCountry "USA"]
[SourceTitle "CBM 202 Extra"]
[Source "ChessBase"]
[SourceDate "2021.07.31"]
[SourceVersion "1"]
[SourceVersionDate "2021.07.31"]
[SourceQuality "1"]

1. e4 e5 2. Nf3 Nc6 3. Bc4 Bc5 4. c3 Nf6 5. d3 0-0 6. Bg5 h6 7. Bh4 a6 8. Bb3 d6 9. Nbd2 Ba7 10. Nf1 Be6 11. Bc2 d5 12. Qe2 d4 13. Ng3 g5 14. Nxg5 hxg5 15. Bxg5 Bc5 16. f4 Be7 17. f5 Bd7 18. h4 Nh7 19. Qh5 Be8 20. Bh6 f6 21. Qg4+ Ng5 22. hxg5 fxg5 23. Bxf8 Bxf8 24. 0-0-0 dxc3 25. Bb3+ Bf7 26. Qh3 cxb2+ 27. Kb1 Bg7 28. Qh7+ Kf8 29. Bxf7 Kxf7 30. f6 Kxf6 31. Nh5+ Ke6 32. Nxg7+ Kd6 33. Nf5+ Kc5 34. Kxb2 Kb6 35. Qf7 Nd4 36. Nxd4 Qxd4+ 37. Kb1 Ka7 38. Qc4 Qb6+ 39. Ka1 Rd8 40. Rb1 Qa5 41. Rhc1 Rd4 42. Qxc7 Qxc7 43. Rxc7 1-0

[Event "Titled Tuesday intern op 06th Apr"]
[Site "Chess.com INT"]
[Date "2021.04.06"]
[Round "3"]
[White "Vifleemskaia, Svetlana"]
[Black "Song, Guannan Terry"]
[Result "1-0"]
[WhiteElo "1926"]
[BlackElo "2145"]
[PlyCount "169"]
[EventDate "2021.04.06"]
[EventType "swiss (blitz)"]
[EventRounds "11"]
[EventCountry "USA"]
[SourceTitle "CBM 201 Extra"]
[Source "ChessBase"]
[SourceDate "2021.05.31"]
[SourceVersion "1"]
[SourceVersionDate "2021.05.31"]
[SourceQuality "1"]

1. d4 Nf6 2. c4 c5 3. d5 b5 4. Nd2 g6 5. b3 Bg7 6. Bb2 bxc4 7. bxc4 0-0 8. Ngf3 d6 9. e4 Bg4 10. Be2 Nbd7 11. 0-0 Rb8 12. Bc3 Nb6 13. Qc2 Qc8 14. a4 Qa6 15. a5 Nbd7 16. Rab1 Rfc8 17. Rb5 h6 18. Rfb1 Kh7 19. h3 Bxf3 20. Nxf3 Ne8 21. Bxg7 Nxg7 22. Qc3 Ne8 23. e5 Nc7 24. Rxb8 Rxb8 25. Rxb8 Nxb8 26. exd6 Qxd6 27. Ne5 f6 28. Nd3 Nd7 29. f4 Na6 30. Bg4 Nb4 31. Bxd7 Nxd3 32. Qxd3 Qxd7 33. Qb3 Qd6 34. Qb7 a6 35. Qb6 Kg7 36. Qxd6 exd6 37. Kf2 f5 38. Kf3 Kf6 39. h4 g5 40. hxg5+ hxg5 41. g3 Kg6 42. Kg2 Kh6 43. Kh2 Kh7 44. Kg2 Kg7 45. Kh2 Kg6 46. Kg2 Kh5 47. Kh3 Kh6 48. Kg2 Kh7 49. Kh2 gxf4 50. gxf4 Kg7 51. Kg2 Kf6 52. Kf3 Kg6 53. Kg3 Kh5 54. Kh3 Kh6 55. Kh4 Kg6 56. Kg3 Kh5 57. Kh3 Kg6 58. Kh4 Kf6 59. Kh5 Ke7 60. Kg6 Ke8 61. Kf6 Kd7 62. Kxf5 Ke7 63. Kg6 Kf8 64. Kf6 Ke8 65. Ke6 Kd8 66. Kxd6 Ke8 67. f5 Kf7 68. Kxc5 Kf6 69. Kb6 Kxf5 70. c5 Ke5 71. c6 Kd6 72. c7 Kd7 73. Kb7 Kd6 74. c8Q Kxd5 75. Qc6+ Ke5 76. Qxa6 Kd4 77. Qc6 Ke5 78. a6 Kd4 79. a7 Ke5 80. a8Q Kd4 81. Qd8+ Ke3 82. Qce8+ Kf4 83. Qf6+ Kg4 84. Qg8+ Kh5 85. Qfh8# 1-0

[Event "Titled Tuesday intern op 30th Mar"]
[Site "Chess.com INT"]
[Date "2021.03.30"]
[Round "2"]
[White "Song, Guannan Terry"]
[Black "Marn, Jan"]
[Result "0-1"]
[WhiteElo "2145"]
[BlackElo "2346"]
[PlyCount "172"]
[EventDate "2021.03.30"]
[EventType "swiss (blitz)"]
[EventRounds "11"]
[EventCountry "USA"]
[SourceTitle "CBM 201 Extra"]
[Source "ChessBase"]
[SourceDate "2021.05.31"]
[SourceVersion "1"]
[SourceVersionDate "2021.05.31"]
[SourceQuality "1"]

1. e4 e5 2. Nf3 Nc6 3. Bc4 Bc5 4. c3 Nf6 5. d3 d6 6. Bb3 Bb6 7. h3 0-0 8. Nbd2 Nh5 9. Nc4 Nf4 10. Bxf4 exf4 11. Nxb6 axb6 12. 0-0 Qf6 13. d4 Qg6 14. Kh1 Qxe4 15. Re1 Qg6 16. Qd2 Qh6 17. Re4 Na5 18. Bd1 Nc4 19. Qe2 d5 20. Re7 Bg4 21. Bb3 Bxf3 22. Qxf3 Nd2 23. Qxd5 c6 24. Qe5 Nxb3 25. Re1 Na5 26. b3 f3 27. Re4 fxg2+ 28. Kxg2 g6 29. Rf4 Qg7 30. Qe3 b5 31. h4 h5 32. Kh1 b6 33. Qf3 Rfb8 34. Kg2 Rf8 35. Rc7 Rac8 36. Ra7 Rce8 37. Rc7 g5 38. Rf5 gxh4+ 39. Kh2 Re1 40. Qg2 Qxg2+ 41. Kxg2 Re6 42. Rxh5 Rg6+ 43. Kh3 Kg7 44. Rxh4 Rh6 45. f4 Rxh4+ 46. Kxh4 Kf6 47. Kg4 Rg8+ 48. Kf3 Rh8 49. Ke4 Rh3 50. b4 Nc4 51. Rxc6+ Ke7 52. Kf5 Nd6+ 53. Kg4 Re3 54. Rc7+ Ke6 55. Ra7 Kd5 56. f5 Rxc3 57. f6 Rc4 58. a3 Rxd4+ 59. Kg5 Ke6 60. Ra6 Rd5+ 61. Kf4 Kxf6 62. Ke3 Ke6 63. Rxb6 f5 64. Kf4 Rd4+ 65. Kf3 Ke5 66. Ra6 Rd3+ 67. Kf2 Ke4 68. a4 bxa4 69. Rxa4 f4 70. b5+ Ke5 71. b6 Rb3 72. Ra6 Nc4 73. b7 Rxb7 74. Rh6 Ke4 75. Rh8 Ne5 76. Re8 Rb2+ 77. Ke1 Kd4 78. Kf1 f3 79. Rf8 Ke3 80. Kg1 Rb1+ 81. Kh2 f2 82. Re8 f1Q 83. Rxe5+ Kd4 84. Rg5 Qh1+ 85. Kg3 Rg1+ 86. Kf4 Qe4# 0-1

[Event "Chess.com Bullet op1"]
[Site "Chess.com INT"]
[Date "2020.12.19"]
[Round "15"]
[White "Akhvlediani, Irakli"]
[Black "Song, Guannan Terry"]
[Result "1-0"]
[WhiteElo "2355"]
[BlackElo "2145"]
[PlyCount "37"]
[EventDate "2020.12.19"]
[EventType "swiss (blitz)"]
[EventRounds "21"]
[EventCountry "USA"]
[SourceTitle "EXT 2022"]
[Source "ChessBase"]
[SourceDate "2021.10.06"]
[SourceVersion "1"]
[SourceVersionDate "2021.10.06"]
[SourceQuality "1"]

1. Nf3 c5 2. c4 b6 3. b3 Bb7 4. Bb2 e6 5. e3 Nf6 6. Qc2 Be7 7. Nc3 0-0 8. Ng5 Nc6 9. a3 h6 10. h4 Rc8 11. Be2 d5 12. cxd5 exd5 13. Nxd5 Qxd5 14. Bxf6 g6 15. Bf3 Qd7 16. Bb2 Ne5 17. Bxe5 f6 18. Qxg6+ Kh8 19. Qh7# 1-0